|
|
|
|
| LEADER |
01129cam a2200241 a 4500 |
| 001 |
c000297763 |
| 003 |
CARM |
| 005 |
20090518141956.0 |
| 008 |
950911s1977 0 eng r |
| 019 |
1 |
|
|a 70237141
|5 LACONCORD2021
|
| 020 |
|
|
|a 0889270007
|
| 035 |
|
|
|a (OCoLC)6420990
|5 LACONCORD2021
|
| 082 |
0 |
4 |
|a 910.2854 A652
|
| 245 |
1 |
0 |
|a APPLICATIONS OF GEOGRAPHIC INFORMATION PROCESSING: PAPERS / PRESENTED AT THE SECOND ANNUAL SYMPOSIUM WORKSHOP OF THE NATIONAL CAPITAL GEOGRAPHIC INFORMATION PROCESSING GROUP; D.H. DOUGLAS, EDITOR.
|
| 260 |
|
|
|a [OTTAWA]: DEPT. OF GEOGRAPHY AND REGIONAL PLANNING, UNIVERSITY OF OTTAWA, 1977. 70 P.
|
| 500 |
|
|
|a INCLUDES BIBLIOGRAPHICAL REFERENCES.
|
| 500 |
|
|
|a SUMMARIES IN FRENCH.
|
| 650 |
|
0 |
|a Geography
|x Data processing
|x Congresses.
|
| 700 |
1 |
0 |
|a DOUGLAS, D. H.
|
| 710 |
1 |
|
|a NATIONAL CAPITAL GEOGRAPHIC INFORMATION PROCESSING GROUP (OTTAWA, ONT.).
|
| 852 |
8 |
|
|b CARM
|h A3:AI09C0
|i F07645
|p 0542492
|f BK
|
| 999 |
f |
f |
|i 1903ba5d-c5e8-517e-89de-63e94a0fed97
|s 0e433bbe-5758-5887-aac4-25b31dc0ce81
|
| 952 |
f |
f |
|p Can circulate
|a CAVAL
|b CAVAL
|c CAVAL
|d CARM 1 Store
|e F07645
|f A3:AI09C0
|h Other scheme
|i book
|m 0542492
|